000 00408nam a2200193Ia 4500
008 210210b1965 xxu||||| |||| 00| 0 eng d
041 _aeng
082 _a386/91
100 _a-
245 _aHandbook on the companies act
260 _aCalcutta
_bOxford
_c1965
300 _a298
650 _aon
650 _aHandbook
650 _acompanies
650 _aact
690 _aLaw
906 _a005643
999 _c125680
_d125680